Malta : Selected Issues and Statistical Appendix.

This Selected Issues paper and Statistical Appendix analyzes the fiscal and structural issues affecting Malta's economic performance, specifically the public enterprises and the tax system. The paper focuses on exchange rate policy and macroeconomic and legislative issues in the context of Euro...

Fuld beskrivelse

Bibliografiske detaljer
Institution som forfatter: International Monetary Fund
Format: Tidsskrift
Sprog:English
Udgivet: Washington, D.C. : International Monetary Fund, 1999.
Serier:IMF Staff Country Reports; Country Report ; No. 1999/072
Online adgang:Full text available on IMF
LEADER 01658cas a2200241 a 4500
001 AALejournalIMF001038
008 230101c9999 xx r poo 0 0eng d
020 |c 5.00 USD 
020 |z 9781451826593 
022 |a 1934-7685 
040 |a BD-DhAAL  |c BD-DhAAL 
110 2 |a International Monetary Fund. 
245 1 0 |a Malta :   |b Selected Issues and Statistical Appendix. 
264 1 |a Washington, D.C. :  |b International Monetary Fund,  |c 1999. 
300 |a 1 online resource (89 pages) 
490 1 |a IMF Staff Country Reports 
500 |a <strong>Off-Campus Access:</strong> No User ID or Password Required 
500 |a <strong>On-Campus Access:</strong> No User ID or Password Required 
506 |a Electronic access restricted to authorized BRAC University faculty, staff and students 
520 3 |a This Selected Issues paper and Statistical Appendix analyzes the fiscal and structural issues affecting Malta's economic performance, specifically the public enterprises and the tax system. The paper focuses on exchange rate policy and macroeconomic and legislative issues in the context of European Union membership. The standard summaries of the tax system and recent developments in the exchange and trade system are presented. The paper highlights that despite advances in the financial sector deregulation, tax reform, and trade liberalization during the 1990s, there are still key structural inadequacies in Malta. 
538 |a Mode of access: Internet 
830 0 |a IMF Staff Country Reports; Country Report ;  |v No. 1999/072 
856 4 0 |z Full text available on IMF  |u http://elibrary.imf.org/view/journals/002/1999/072/002.1999.issue-072-en.xml  |z IMF e-Library